00317nam a2200121Ia 4500008004100000041000800041082001200049100001900061245004500080260003100125300003200156365000700188240624s9999 xx 000 0 und d aeng a338 CHA aCHAVA SREEHARI aFINANCIAL PERFORMANCE INDEX SINGULAR NAV c2011aPunebAPK Publishers aviii, : 222 : p. : cm. ; 21 cRS